000 00226nam a22000857a 4500
008 160718b xxu||||| |||| 00| 0 eng d
100 _93015
_a Grosset, G
245 _aWilliam Shakespeare
260 _aScotland
_bGeddes & Grosset
_c2001
999 _c2578
_d2578